00434nam a2200157Ia 4500008004100000020001500041082001300056100001900069245004100088250000900129260003300138300001100171500002500182650001500207700005400222230524s9999 xx 000 0 und d a8187567791 a331bSEN aArun Kumar Sen 0aCommercial Law including Company Law a25TH aNEW DELHIbWorld Pressc2008 aIX;884 aQuantity Number: 15 aManagement a Jitendra Kumar Mitra (Edited by Sakti Mukherjee)